000 00353nam a2200157Ia 4500
003 OSt
005 20240306161455.0
008 170523s9999 xx 000 0 und d
020 _a 81-8054-818-5
040 _ciimtu meerut
100 _aGUPTA- CB
245 0 _aENTERPRENURESHIP IN INDIA
260 _bSULTAN CHAND
260 _c2002
942 _2ddc
_c02
999 _c1062
_d1062